000 00591nam a2200229Ia 4500
003 OSt
005 20221007071825.0
006 a|||||r|||| 00| 0
007 ta
008 221006b |||||||| |||| 00| 0 eng d
024 _a13,975
037 _cTextual
040 _aFLL
_cFLL
_beng
041 _2eng
_aeng
082 _aW:915, H0
100 _aStreit Clarence K. Au.
_9689494
245 0 _aUnion now
260 _aLondon
_bJonathan cape London
_c1940
300 _a414p
_ccm.
942 _hW:915, H0
_cTEXL
_2CC
999 _c1144415
_d1144415